World rubber market structure and stabilisation : (Record no. 13826)

000 -LEADER
fixed length control field 00597pam a2200169 a 4500
020 ## - INTERNATIONAL STANDARD BOOK NUMBER
ISBN 0821302647 (pbk.)
040 ## - CATALOGING SOURCE
Transcribing agency DLC
082 00 - DEWEY DECIMAL CLASSIFICATION NUMBER
Classification number 338 WOR 1984 A010 Or.
100 1# - MAIN ENTRY--AUTHOR NAME
Personal name Tan, C. Suan
245 10 - TITLE STATEMENT
Title World rubber market structure and stabilisation :
Remainder of title an econometric study /
260 ## - PUBLICATION, DISTRIBUTION, ETC. (IMPRINT)
Place of publication Washington, D.C., U.S.A. :
Name of publisher World Bank,
Year of publication c1984.
300 ## - PHYSICAL DESCRIPTION
Number of Pages xxiv, 395 p. :
Other physical details ill. ;
Dimensions 29 cm.
500 ## - GENERAL NOTE
General note Abstract in English, French, and Spanish.
500 ## - GENERAL NOTE
General note Originally presented as the author's thesis (Ph. D.--Australian National University)
650 #0 - SUBJECT ADDED ENTRY--TOPICAL TERM
Topical Term Rubber industry and trade
942 ## - ADDED ENTRY ELEMENTS (KOHA)
Koha item type សៀវភៅភាសាអង់គ្លេស
952 ## - LOCATION AND ITEM INFORMATION (KOHA)
Withdrawn status [LOCAL, KOHA] 0
Holdings
Permanent Location Date acquired Koha item type Lost status Shelving location Barcode Current Location Full call number
Library Block A2017-08-31សៀវភៅភាសាអង់គ្លេស A010A15776Library Block A338 WOR 1984 A010 Or.
មជ្ឈមណ្ឌលឯការនៃសាកលវិទ្យាល័យភូមិន្ទកសិកម្មចំការដូង

Powered by Koha